• 首页
  • 本馆介绍
  • 公告通知
  • 最新文献
  • 馆藏检索
  • 电子资源
  • 读者导购
  • 参考咨询
  • 我的图书馆
  • 登录
  • 详细信息显示
  • 放入我的书架
  • 预约/预借图书
  • 作者相关作品
  • 分类相关作品
  • 丛书相关作品
  • 出版社相关作品

书目信息

  • 表格格式
  • 工作单格式
  • 卡片格式
题名:
先秦和古希腊语言观研究
    
 
作者: 李志强 著
分册:  
出版信息: 北京   学苑出版社  2008.01
页数: 371页
开本: 21cm
丛书名: 学苑文丛
单 册:
中图分类: H1-09 , H791.1
科图分类:
主题词: 汉语--语言学史--研究--先秦时代 , 希腊语--研究--古代
电子资源:
ISBN: 978-7-5077-2987-0
000 00969oam2 2200313 450
001 012004207997
005 20100325103847.48
010    @a978-7-5077-2987-0@dCNY40.00
100    @a20080122d2008 em y0chiy0110 ea
101 0  @achi
102    @aCN@b110000
105    @ay z 000yy
106    @ar
200 1  @a先秦和古希腊语言观研究@9xian qin he gu xi la yu yan guan yan jiu@f李志强著
210    @a北京@c学苑出版社@d2008.01
215    @a371页@d21cm
225 2  @a学苑文丛
225 2  @a外国语言学与教学丛书
300    @a上海市高等学校教育高地英语项目
330    @a本书分别从五个方面对先秦和古希腊的语言观,从语言文化的整体对应性角度进行了分析研究。
461  0 @12001 @a学苑文丛
461  0 @12001 @a外国语言学与教学丛书
606 0  @a汉语@x语言学史@x研究@z先秦时代
606 0  @a希腊语@x研究@y古代
690    @aH1-09@v4
690    @aH791.1@v4
701  0 @a李志强@9li zhi qiang@4著
801  0 @aCN@bNLC@c20100325
905    @b798923-27@dH1-09@e159@f5
    
    先秦和古希腊语言观研究/李志强著.-北京:学苑出版社,2008.01
    371页;21cm.-(学苑文丛).-(外国语言学与教学丛书)
    上海市高等学校教育高地英语项目
    
    ISBN 978-7-5077-2987-0:CNY40.00
    本书分别从五个方面对先秦和古希腊的语言观,从语言文化的整体对应性角度进行了分析研究。
●
相关链接 在E读中查询图书 在五车中查询图书 在当当中查询图书 在豆瓣中查询图书


正题名:先秦和古希腊语言观研究     索取号:H1-09/159         预约/预借

序号 登录号 条形码 馆藏地/架位号 状态 备注
1 798923   207989239   第二样本阅览室/ [索取号:H1-09/159] 在馆    
2 798924   207989248   第四借阅区/ [索取号:H1-09/159] 在馆    
3 798925   207989257   第四借阅区/ [索取号:H1-09/159] 在馆    
4 798926   207989266   第四借阅区/ [索取号:H1-09/159] 在馆    
5 798927   207989275   第四借阅区/ [索取号:H1-09/159] 在馆    
唐山师范学院图书馆 欢迎您!
大连网信软件有限公司© 版权所有